[Event "GRE-chT 50th"]
[Site "Nikaia"]
[Date "2023.08.26"]
[Round "2.9"]
[White "Kiryttopoulos, Panagiotis Aris"]
[Black "Ampeliotis, Georgios"]
[Result "1-0"]
[WhiteElo "1502"]
[BlackElo "1559"]
[PlyCount "71"]
[EventDate "2023.08.25"]
[EventType "team"]
[EventRounds "9"]
[EventCountry "GRE"]
[SourceTitle "EXT 2024"]
[Source "ChessBase"]
[SourceDate "2023.10.10"]
[SourceVersion "1"]
[SourceVersionDate "2023.10.10"]
[SourceQuality "1"]
[WhiteTeam "Khalandrii"]
[BlackTeam "Irakleiou Attikis"]
[WhiteTeamCountry "GRE"]
[BlackTeamCountry "GRE"]

1. d4 Nf6 2. Nf3 e6 3. e3 Be7 4. Bd3 d5 5. 0-0 0-0 6. b3 b6 7. Bb2 Bb7 8. Ne5 c5 9. Nd2 Nbd7 10. f4 Ne4 11. Rf3 f5 12. Bxe4 Nxe5 13. fxe5 dxe4 14. Rh3 Qe8 15. Nc4 Rd8 16. Qe1 cxd4 17. Bxd4 g5 18. Nd6 Bxd6 19. exd6 e5 20. Bb2 Rxd6 21. Ba3 Rg6 22. Bxf8 Qxf8 23. Rd1 Bc8 24. Qc3 f4 25. Qc7 Rg7 26. Qc4+ Kh8 27. Rh6 Bg4 28. Rf1 Rg6 29. Rxg6 hxg6 30. Qxe4 Qc5 31. b4 Qd6 32. exf4 gxf4 33. Re1 Qd4+ 34. Qxd4 exd4 35. Re8+ Kg7 36. Rd8 1-0

[Event "GRE-chT 48th"]
[Site "Athens"]
[Date "2021.09.09"]
[Round "4.3"]
[White "Moiralis, Georgios"]
[Black "Ampeliotis, Georgios"]
[Result "0-1"]
[WhiteElo "1022"]
[BlackElo "1120"]
[PlyCount "64"]
[EventDate "2021.09.07"]
[EventType "team-swiss"]
[EventRounds "7"]
[EventCountry "GRE"]
[SourceTitle "CBM 204 Extra"]
[Source "ChessBase"]
[SourceDate "2021.11.30"]
[SourceVersion "1"]
[SourceVersionDate "2021.11.30"]
[SourceQuality "1"]
[WhiteTeam "Zeenon Glyfathas"]
[BlackTeam "Epyk Irakliou Attykis"]
[WhiteTeamCountry "GRE"]
[BlackTeamCountry "GRE"]

1. e4 c5 2. Nf3 d6 3. c3 Nf6 4. Bd3 g6 5. Bc2 Bg7 6. d4 cxd4 7. cxd4 0-0 8. 0-0 Nc6 9. Nc3 Bg4 10. Be3 Nd7 11. d5 Nce5 12. Kh1 Nxf3 13. gxf3 Bh5 14. Rg1 e6 15. Bg5 Qb6 16. Rg3 Qxb2 17. Rb1 Qxc3 18. Be7 Rfc8 19. Bb3 e5 20. Bxd6 Nc5 21. Bxc5 Qxc5 22. d6 Rd8 23. d7 a6 24. Bd5 Rxd7 25. Rxb7 Rxb7 26. Bxb7 Rb8 27. Bxa6 Qxf2 28. Be2 Qd4 29. Qc1 Rb2 30. Qc8+ Bf8 31. Bc4 Qd1+ 32. Rg1 Bxf3# 0-1

[Event "GRE-chT 48th"]
[Site "Athens"]
[Date "2021.09.08"]
[Round "3.5"]
[White "Poupalos, Ionas"]
[Black "Ampeliotis, Georgios"]
[Result "0-1"]
[WhiteElo "1062"]
[BlackElo "1120"]
[PlyCount "92"]
[EventDate "2021.09.07"]
[EventType "team-swiss"]
[EventRounds "7"]
[EventCountry "GRE"]
[SourceTitle "CBM 204 Extra"]
[Source "ChessBase"]
[SourceDate "2021.11.30"]
[SourceVersion "1"]
[SourceVersionDate "2021.11.30"]
[SourceQuality "1"]
[WhiteTeam "Papagou"]
[BlackTeam "Epyk Irakliou Attykis"]
[WhiteTeamCountry "GRE"]
[BlackTeamCountry "GRE"]

1. e4 c5 2. Nf3 d6 3. Bb5+ Nc6 4. 0-0 g6 5. c4 Bg7 6. Nc3 Nf6 7. d4 cxd4 8. Nxd4 Bd7 9. Nxc6 bxc6 10. Ba4 0-0 11. Bc2 Rb8 12. Rb1 Be6 13. b3 Qc7 14. a4 Rfd8 15. Bf4 Nh5 16. Bd2 d5 17. cxd5 cxd5 18. Nxd5 Bxd5 19. exd5 Rxd5 20. Qc1 Rc8 21. Be4 Qd7 22. Qxc8+ Qxc8 23. Bxd5 Qd8 24. Bxf7+ Kxf7 25. Bg5 Qa5 26. Be3 Be5 27. Rfe1 Nf6 28. Bxa7 Bxh2+ 29. Kxh2 Qxa7 30. Kg1 Ng4 31. Re2 Qc5 32. g3 Qh5 33. f3 Qc5+ 34. Kf1 Ne3+ 35. Kg1 Qd4 36. Kh2 Nd1 37. Rg2 Qd3 38. Ra1 Qxf3 39. Raa2 Kg7 40. a5 Ne3 41. Rgf2 Ng4+ 42. Kg1 Nxf2 43. a6 Qxg3+ 44. Kf1 Nh3 45. a7 Qg1+ 46. Ke2 Qg2+ 0-1

[Event "GRE-ch Online Rapid op 1st"]
[Site "Tornelo INT"]
[Date "2021.02.06"]
[Round "2"]
[White "Ampeliotis, Georgios"]
[Black "Christodoulou, Panormitis"]
[Result "0-1"]
[WhiteElo "1135"]
[BlackElo "1592"]
[PlyCount "110"]
[EventDate "2021.02.06"]
[EventType "swiss (rapid)"]
[EventRounds "8"]
[EventCountry "GRE"]
[SourceTitle "EXT 2023"]
[Source "ChessBase"]
[SourceDate "2022.10.05"]
[SourceVersion "1"]
[SourceVersionDate "2022.10.05"]
[SourceQuality "1"]

1. f4 d5 2. Nf3 Nf6 3. g3 g6 4. Bg2 Bg7 5. 0-0 b6 6. d3 Bb7 7. Nc3 d4 8. Nb5 c5 9. e4 dxe3 10. Bxe3 Nd5 11. Bc1 Nc7 12. Nxc7+ Qxc7 13. Rb1 0-0 14. Re1 Nc6 15. Be3 Rad8 16. Qe2 e6 17. Bd2 Rd7 18. Ne5 Nd4 19. Qd1 Bxg2 20. Kxg2 Qb7+ 21. Kf2 Bxe5 22. Rxe5 Rd5 23. Rxd5 Qxd5 24. Bc3 Rd8 25. Bxd4 cxd4 26. b3 Rc8 27. Rc1 Qc5 28. a4 Qa3 29. Qd2 Qc5 30. Kg1 Qh5 31. Qf2 Qd5 32. Qd2 Rc3 33. Qd1 h5 34. Kf2 Qc6 35. Qe2 Rxb3 36. cxb3 Qxc1 37. Qe5 Qc2+ 38. Kg1 Qxd3 39. Qb8+ Kg7 40. Qxa7 Qe3+ 41. Kf1 d3 42. Qa6 Qf3+ 43. Kg1 d2 44. Qf1 Qxf1+ 45. Kxf1 d1Q+ 46. Kf2 Qxb3 47. Ke1 Qxa4 48. Kd2 Qd4+ 49. Kc2 b5 50. Kb3 Qc4+ 51. Kb2 b4 52. h3 Qc3+ 53. Kb1 b3 54. f5 Qc2+ 55. Ka1 Qa2# 0-1

[Event "GRE-ch Online Rapid op 1st"]
[Site "Tornelo INT"]
[Date "2021.02.06"]
[Round "8"]
[White "Ampeliotis, Georgios"]
[Black "Kanellis, Nikolaos"]
[Result "0-1"]
[WhiteElo "1135"]
[BlackElo "1612"]
[PlyCount "94"]
[EventDate "2021.02.06"]
[EventType "swiss (rapid)"]
[EventRounds "8"]
[EventCountry "GRE"]
[SourceTitle "EXT 2023"]
[Source "ChessBase"]
[SourceDate "2022.10.05"]
[SourceVersion "1"]
[SourceVersionDate "2022.10.05"]
[SourceQuality "1"]

1. f4 e5 2. e4 d5 3. fxe5 Qh4+ 4. g3 Qxe4+ 5. Qe2 Qxh1 6. Qg2 Qxg2 7. Bxg2 Bc5 8. Ne2 Ne7 9. d4 Bb6 10. c3 c5 11. Na3 a6 12. Be3 cxd4 13. Bxd4 Bxd4 14. cxd4 Nbc6 15. Nf4 Be6 16. Nxe6 fxe6 17. Rd1 0-0 18. Bh3 Nf5 19. Bxf5 Rxf5 20. Rd2 Raf8 21. Nc2 Rf1+ 22. Ke2 R1f2+ 23. Kd3 Rxd2+ 24. Kxd2 Rf2+ 25. Kc3 Rxc2+ 26. Kxc2 Nxd4+ 27. Kd3 Nc6 28. a3 Kf7 29. b4 Nxe5+ 30. Kd4 Nd7 31. a4 Ke7 32. b5 Kd6 33. bxa6 bxa6 34. h4 e5+ 35. Kd3 d4 36. g4 Kd5 37. g5 e4+ 38. Kd2 e3+ 39. Ke2 Ke4 40. a5 d3+ 41. Ke1 Ne5 42. g6 Nf3+ 43. Kf1 e2+ 44. Kg2 e1Q 45. gxh7 Qg1+ 46. Kh3 Qh2+ 47. Kg4 Qxh4# 0-1